Why? : Food & nutrition

में बचाया:
ग्रंथसूची विवरण
मुख्य लेखक: YeaRimDang
स्वरूप: पुस्तक
भाषा:Undetermined
प्रकाशित: New York McGrawHill 2013
विषय:
टैग : टैग जोड़ें
कोई टैग नहीं, इस रिकॉर्ड को टैग करने वाले पहले व्यक्ति बनें!
Thư viện lưu trữ: Trung tâm Học liệu Trường Đại học Cần Thơ
LEADER 00553nam a2200205Ia 4500
001 CTU_190781
008 210402s9999 xx 000 0 und d
082 |a 613.2 
082 |b Y39 
100 |a YeaRimDang 
245 0 |a Why? : 
245 0 |b Food & nutrition 
245 0 |c YeaRimDang 
260 |a New York 
260 |b McGrawHill 
260 |c 2013 
650 |a Dinnh dưỡng,Nutrition,Health food and nutrition 
650 |x Chế độ ăn,Dietetics 
904 |i Tuyến 
980 |a Trung tâm Học liệu Trường Đại học Cần Thơ